| 000 | 00665nam a22002057a 4500 | ||
|---|---|---|---|
| 005 | 20081031150753.0 | ||
| 008 | 081031t xxu||||| |||| 00| 0 eng d | ||
| 010 | _aENG-84385 | ||
| 020 | _a8176489184 | ||
| 020 | _c595.00 (hb) | ||
| 035 | _aEN-67918 | ||
| 082 | _a641.555 | ||
| 100 | _aChakravarti, V K | ||
| 245 |
_aFive star cuisine / _cby B K Chakravarti |
||
| 260 |
_aNew Delhi _bA P H Publishing |
||
| 260 | _cn.d. | ||
| 300 |
_axi,197p _c24cm |
||
| 942 |
_2ddc _cEN _h641.555 _mCHA |
||
| 999 |
_c17719 _d17719 |
||